A természetfilozófia 2. rész

Elmentve itt :
Bibliográfiai részletek
További közreműködők: Szemere Samu
Adatforrás:Philobibl
Forrásdokumentuma:A filozófiai tudományok enciklopédiájának alapvonalai
Dokumentumtípus: Kötet
Nyelv:magyar
Kulcsszavak:természetfilozófia
logika
idealizmus
filozófia, német
Megjelent: 1979
LEADER 00566nad a2200169 cc4500
001 bibPHI0033513ab
005 20220201094712.7
008 081218s1979 hu hun
245 0 2 |a A természetfilozófia  |n 2. rész  |c utószó, jegyz. Szemere Samu 
260 |c 1979 
300 |a 576 p. 
695 |a természetfilozófia 
695 |a logika 
695 |a idealizmus 
695 |a filozófia, német 
700 1 |a Szemere Samu 
773 0 |a Hegel, Georg Wilhelm Friedrich  |t A filozófiai tudományok enciklopédiájának alapvonalai  |d Budapest : Akadémiai K., 1979-  |w bibPHI0033513